000 00679nam a2200205 i 4500
001 bg
100 1 _aGAŁECKI, Tadeusz
245 1 0 _aMetodyka konstruowania planów ogólnych zagospodarowania przestrzennego miast /
_cTadeusz Gałecki ; Politechnika Poznańska.
260 _aPoznań :
_bWydaw. PP,
_c1994.
300 _a81 s. :
_b2 faks., 1 mapa, pl., rys., 1 wykr. ;
_c24 cm.
504 _aBibliogr. s. 77-81.
650 9 _aUrbanistyka
_xprojekty
651 9 _aPoznań
_xplanowanie przestrzenne
655 _aPodręczniki akademickie
040 _cBPK
041 0 _apl
080 _a711.1:711.4/.8](438)(075.8)
942 _cKS
008 s pl f |000 0 pol
999 _c6706
_d6706
856 _uhttp://koha.tu.koszalin.pl/cgi-bin/koha/opac-detail.pl?biblionumber=6706
_yKatalog online BPK